000
00305nam a2200133Ia 4500
008
150201s2010 xx 000 0 und d
082
_a
610
_b
M10P
100
_a
PANDA,UN
245
_a
HB OF MEDICINES
250
_a
2ND
260
_b
AITBS
_a
DELHI
_c
2010
650
_a
MEDICINE AND DIAGNOSIS
942
_2
ddc
_c
BK
999
_c
736
_d
736